Central Library OPAC University of Rajshahi

Strategic management : (Record no. 15928)

MARC details
000 -LEADER
fixed length control field 00765nam a2200253 a 4500
001 - CONTROL NUMBER
control field 15928
003 - CONTROL NUMBER IDENTIFIER
rucl marc code BD-RjUL
005 - DATE AND TIME OF LATEST TRANSACTION
control field 20211208235920.0
008 - FIXED-LENGTH DATA ELEMENTS--GENERAL INFORMATION
fixed length control field 140211s1984 njuak 001 0 eng d
020 ## - INTERNATIONAL STANDARD BOOK NUMBER
International Standard Book Number 0138516766
035 ## - SYSTEM CONTROL NUMBER
System control number (BD-RjUL)15983
040 ## - CATALOGING SOURCE
Original cataloging agency BD-RjUL
Language of cataloging eng
Transcribing agency BD-RjUL
Modifying agency BD-RjUL
041 ## - LANGUAGE CODE
Language code of text/sound track or separate title eng
082 00 - DEWEY DECIMAL CLASSIFICATION NUMBER
Classification number 658.4012
Edition number 19
Author mark and year HAS 1984
100 1# - MAIN ENTRY--PERSONAL NAME
Personal name Hax, Arnoldo C.
9 (RLIN) 49364
245 10 - TITLE STATEMENT
Title Strategic management :
Statement of responsibility, etc. by Arnoldo C. Hax,
Remainder of title an integrative perspective /
260 ## - PUBLICATION, DISTRIBUTION, ETC. (IMPRINT)
Place of publication, distribution, etc. New Jersey :
Name of publisher, distributor, etc. Prentice-Hall International,
Date of publication, distribution, etc. 1984
300 ## - PHYSICAL DESCRIPTION
Pagination xvii, 468 p. :
Illustrations illus. ;
Size 23 cm.
504 ## - BIBLIOGRAPHY, ETC. NOTE
Bibliography, etc Includes bibliographies and index
650 #0 - SUBJECT ADDED ENTRY--TOPICAL TERM
Topical term or geographic name as entry element Strategic planning.
9 (RLIN) 49365
700 1# - ADDED ENTRY--PERSONAL NAME
Personal name Majluf, Nicolas S.
942 ## - ADDED ENTRY ELEMENTS (KOHA)
Source of classification or shelving scheme Dewey Decimal Classification
Koha item type Books
Holdings
Lost status Source of classification or shelving scheme Damaged status Not for loan Collection code Permanent Location Current Location Shelving location Date acquired Source of acquisition Cost, normal purchase price Total Checkouts Full call number Date last seen Copy number Koha item type
  Dewey Decimal Classification     Non-fiction Central Library, University of Rajshahi Central Library, University of Rajshahi   24/09/1991 abacus book 46.85   658.4012 HAS 1984 11/02/2014 C-2 Books